Famous Barcelona Footballers by Picture - Statistics

General Stats
  • This quiz has been taken 1,578 times
  • The average score is 24 of 30
Answer Stats
Picture Answer % Correct
Luis Suarez
99%
Lionel Messi
98%
Andres Iniesta
97%
Carles Puyol
96%
Neymar
96%
Ronaldinho
96%
Xavi
96%
Gerard Pique
95%
Diego Maradona
93%
Johan Cruyff
93%
Thierry Henry
93%
Samuel Eto'o
90%
Sergio Busquets
89%
Jordi Alba
88%
Rivaldo
88%
David Villa
86%
Ivan Rakitic
84%
Ronald Koeman
81%
Javier Mascherano
79%
Pep Guardiola
75%
Yaya Touré
71%
Patrick Kluivert
68%
Pedro
67%
Hristo Stoichkov
59%
Eric Abidal
58%
Romario
58%
Michael Laudrup
54%
Gary Lineker
49%
Rafael Márquez
36%
Gheorghe Hagi
30%
No matching quizzes found
Score Distribution
Percent of People with Each Score
Percentile by Number Answered
Your Score History
You have not taken this quiz